00781 2200241 4500001002100000005001700021008004100038035002400079082001200103090002300115100003200138245011000170260002900280300003500309500007400344500003300418650002300451850002100474980001400495985000600509986000900515999001500524YOGYA-0209000004323520090227025936.0 ind  0010-020900000043235 a612.042 a612.042bSul SlSK aSULISTIYANINGTIYAS, Rosaria aStudi kasus kecelakaan kerja di PT Primissima Yogyakarta tahun 1993-1994coleh Rosaria Sulistiyaningtiyas aYogyakartab[s.n.]c1996 ax, 91 [19] lembarbilusc28 cm aKarya tulis ilmiah D3 pada Akademi Kesehatan Lingkungan Wiyata Husada aBibliografi : lembar [92-93] aKerja - Fisiologis aYOPDYOG [TRM 29] a30-8-2007 a1 aRuni a07A0026075